Tilastot visalle Suomalaisia muotoilijoita

Klikkaa tästä pelataksesi tätä visaa!

Yleistilastot

  • Tätä visaa on pelattu 19 kertaa
  • Keskiarvotulos 3 / 6

Vastaustilastot

EsineetMuotoilija% Oikein
"Pallotuoli" "Kupla"Eero Aarnio
89%
"Ultima Thule -sarja"Tapio Wirkkala
72%
"Festivo-kynttilänjalka"Timo Sarpaneva
50%
"Kartio-lasit"Kaj Franck
39%
"Karuselli-tuoli"Yrjö Kukkapuro
28%
"Kinema-valaisin"Paavo Tynell
11%

Tulosjakauma

Persentiili vastausten määrän mukaan

Jokaisen tuloksen saaneiden osuus

Tuloshistoriasi

Et ole pelannut tätä visaa